Промышленная экология: учебное пособие

Bibliographic Details
Main Author: Бондалетова Л. И. Людмила Ивановна
Corporate Author: Томский политехнический университет (ТПУ)
Other Authors: Бондалетов В. Г. Владимир Григорьевич
Summary:В пособии рассмотрены общие понятия о производственном процессе, дана характеристика химико-технологической системы, сырьевых и энергетических ресурсов, приводится краткое описание методов охраны окружающей среды, рассмотрено влияние важнейших отраслей народного хозяйства на состояние окружающей среды, выделены основные источники загрязнения биосферы, а также мероприятия по снижению воздействия деятельности человека и восстановлению экологического баланса.
Language:Russian
Published: Томск, Изд-во ТПУ, 2009
Subjects:
Format: Book
KOHA link:https://koha.lib.tpu.ru/cgi-bin/koha/opac-detail.pl?biblionumber=174550

MARC

LEADER 00000nam0a2200000 4500
001 174550
005 20240119174405.0
010 |a 5982984698 
035 |a (RuTPU)RU\TPU\book\189280 
090 |a 174550 
100 |a 20100129d2009 m y0rusy50 ca 
101 0 |a rus 
102 |a RU 
105 |a y j 001zy 
200 1 |a Промышленная экология  |e учебное пособие  |f Л. И. Бондалетова, В. Г. Бондалетов  |g Томский политехнический университет (ТПУ) 
210 |a Томск  |c Изд-во ТПУ  |d 2009 
215 |a 247 с. 
320 |a Библиогр.: с. 240-243. 
330 |a В пособии рассмотрены общие понятия о производственном процессе, дана характеристика химико-технологической системы, сырьевых и энергетических ресурсов, приводится краткое описание методов охраны окружающей среды, рассмотрено влияние важнейших отраслей народного хозяйства на состояние окружающей среды, выделены основные источники загрязнения биосферы, а также мероприятия по снижению воздействия деятельности человека и восстановлению экологического баланса. 
606 1 |a Промышленная экология  |2 stltpush  |3 (RuTPU)RU\TPU\subj\52249  |9 70735 
610 1 |a учебные пособия 
610 1 |a промышленное производство 
610 1 |a окружающая среда 
610 1 |a горно-добывающая промышленность 
610 1 |a нефтедобывающая промышленность 
610 1 |a нефтеперерабатывающая промышленность 
610 1 |a черная металлургия 
610 1 |a машиностроение 
610 1 |a транспорт 
610 1 |a энергетика 
610 1 |a труды учёных ТПУ 
675 |a 504.064(075.8)  |v 3 
700 1 |a Бондалетова  |b Л. И.  |c химик-технолог  |c доцент Томского политехнического университета, кандидат химических наук  |f 1956-  |g Людмила Ивановна  |3 (RuTPU)RU\TPU\pers\25852  |9 11721 
701 1 |a Бондалетов  |b В. Г.  |c химик-технолог  |c профессор Томского политехнического университета, доктор технических наук  |f 1957-  |g Владимир Григорьевич  |3 (RuTPU)RU\TPU\pers\25605  |9 11534 
712 0 2 |a Томский политехнический университет (ТПУ)  |c (1991- )  |3 (RuTPU)RU\TPU\col\376 
801 1 |a RU  |b 63413507  |c 20100129 
801 2 |a RU  |b 63413507  |c 20201201  |g RCR 
942 |c BK